[Event "Chigorin Memorial"]
[Site "St Petersburg RUS"]
[Date "2013.10.05"]
[Round "1.107"]
[White "Sorokina, Svetlana"]
[Black "Pletnev, Evgeniy"]
[Result "0-1"]
[WhiteElo "1716"]
[BlackElo "2278"]
[WhiteFideId "24166006"]
[BlackFideId "24104140"]
[EventDate "2013.10.05"]

1. d4 f5 2. Nf3 Nf6 3. g3 g6 4. Bg2 Bg7 5. O-O O-O 6. b3 Ne4 7. Bb2 d5 8. Nbd2
c5 9. c4 e6 10. Rc1 Nc6 11. cxd5 exd5 12. Ba3 cxd4 13. Bxf8 Qxf8 14. Rxc6 bxc6
15. Nxe4 dxe4 16. Nxd4 Qf6 17. Nc2 Ba6 18. Nb4 Rd8 19. Qc2 Bb7 20. Rd1 Rxd1+ 21.
Qxd1 c5 22. Qd7 Qf7 23. Qd8+ Bf8 24. Nc2 c4 25. Qd4 Ba6 26. b4 c3 27. Qxc3 Qxa2
28. Bf1 Qc4 29. Qa3 Bb5 30. Ne3 Qf7 31. Qc3 h5 32. Qe5 a6 33. Nd5 Bg7 34. Qb8+
Kh7 35. Qd8 Bc4 36. Nb6 Bf6 37. Qd6 Bb5 38. e3 Bxf1 39. Kxf1 Qe7 40. Qc5 Qf7 41.
Nd5 Bg7 42. Nc7 Bf8 43. Qc3 Qd7 44. Qf6 Bg7 45. Qb6 h4 46. gxh4 Qd1+ 47. Kg2
Qf3+ 48. Kf1 Bc3 49. Ne6 Qh1+ 0-1

[Event "Chigorin Memorial"]
[Site "St Petersburg RUS"]
[Date "2013.10.05"]
[Round "1.108"]
[White "Pashinsky, Mikhail"]
[Black "Elizarova, Taisia"]
[Result "1-0"]
[WhiteElo "2273"]
[BlackElo "1715"]
[WhiteFideId "4152450"]
[BlackFideId "24128350"]
[EventDate "2013.10.05"]

1. Nf3 Nf6 2. g3 b6 3. Bg2 Bb7 4. O-O c5 5. c4 Nc6 6. Nc3 g6 7. d4 cxd4 8. Nxd4
Bg7 9. b3 O-O 10. Bb2 Qc8 11. Nc2 Rd8 12. e4 d6 13. Ne3 Ne5 14. Qe2 Ned7 15. f4
Nc5 16. e5 Bxg2 17. Nxg2 dxe5 18. fxe5 Nfd7 19. Nd5 Re8 20. Qf3 f6 21. exf6 exf6
22. Rae1 Rxe1 23. Rxe1 Qf8 24. Ne7+ Kh8 25. Nf4 1-0

[Event "Chigorin Memorial"]
[Site "St Petersburg RUS"]
[Date "2013.10.05"]
[Round "1.109"]
[White "Gantsevich, Dmitry"]
[Black "Komiagina, Maria"]
[Result "0-1"]
[BlackTitle "WIM"]
[WhiteElo "1655"]
[BlackElo "2272"]
[WhiteFideId "24162582"]
[BlackFideId "4153987"]
[EventDate "2013.10.05"]

1. e4 c5 2. Nf3 e6 3. d4 cxd4 4. Nxd4 Nf6 5. Nc3 d6 6. Be3 a6 7. f3 b5 8. Qd2
Nbd7 9. g4 Nb6 10. g5 Nfd7 11. h4 Bb7 12. O-O-O b4 13. Nb1 d5 14. Bh3 Nc4 15.
Qe2 Nxe3 16. Qxe3 Bc5 17. Qe2 Qb6 18. Nb3 Be3+ 19. N1d2 O-O 20. exd5 Bxd5 21.
Kb1 Rfc8 22. Rhe1 Bf4 23. Ne4 Qc7 24. Bg2 a5 25. Nd4 a4 26. Nd2 e5 27. Nf5 Qxc2+
28. Ka1 a3 29. Rb1 axb2+ 0-1

[Event "Chigorin Memorial"]
[Site "St Petersburg RUS"]
[Date "2013.10.05"]
[Round "1.110"]
[White "Khanin, Semen"]
[Black "Bezobrazov, Lev"]
[Result "1-0"]
[WhiteElo "2270"]
[BlackElo "1648"]
[WhiteFideId "4111990"]
[BlackFideId "4152409"]
[EventDate "2013.10.05"]

1. e4 Nf6 2. e5 Nd5 3. d4 d6 4. c4 Nb6 5. exd6 exd6 6. Nc3 Be7 7. Bd3 O-O 8.
Nge2 Bg4 9. O-O d5 10. c5 Nc8 11. Qb3 b6 12. Qxd5 c6 13. Qe4 f5 14. Qe6+ Kh8 15.
cxb6 axb6 16. Nf4 Rf6 17. Qb3 g6 18. h3 Bh5 19. Nxh5 gxh5 20. Bf4 Qxd4 21. Ne2
Qd7 22. Be5 Ra5 23. Bxb8 Qb7 24. Bf4 h6 25. Ng3 Kh7 26. Nxh5 Rf8 27. Qe6 Bg5 28.
Rac1 Rd5 29. Rxc6 Ne7 30. Bxg5 hxg5 31. Qh6+ Kg8 32. Qg7# 1-0

[Event "Chigorin Memorial"]
[Site "St Petersburg RUS"]
[Date "2013.10.05"]
[Round "1.111"]
[White "Potapova, Tatiana"]
[Black "Sadovsky, Artem"]
[Result "0-1"]
[WhiteElo "1636"]
[BlackElo "2263"]
[WhiteFideId "24128503"]
[BlackFideId "4155840"]
[EventDate "2013.10.05"]

1. e4 d6 2. Nf3 g6 3. d4 Bg7 4. c3 e5 5. g3 Nc6 6. Bg2 Nf6 7. Qc2 O-O 8. Nbd2
Nd7 9. Nb3 a5 10. Be3 exd4 11. Nfxd4 a4 12. Nxc6 axb3 13. Qxb3 bxc6 14. O-O Ne5
15. h3 Be6 16. Qc2 Qd7 17. Kh2 Nc4 18. Bd4 Rab8 19. b3 Na3 20. Qd2 Bxd4 21. cxd4
d5 22. exd5 Bxd5 23. Bxd5 Qxd5 24. Rac1 Nb5 25. Rc4 Nd6 26. Rc5 Ne4 0-1

[Event "Chigorin Memorial"]
[Site "St Petersburg RUS"]
[Date "2013.10.05"]
[Round "1.112"]
[White "Gorlanov, Vladislav"]
[Black "Pankova, Julia"]
[Result "1-0"]
[WhiteElo "2249"]
[BlackElo "1621"]
[WhiteFideId "24121223"]
[BlackFideId "34103276"]
[EventDate "2013.10.05"]

1. d4 Nf6 2. c4 e6 3. Nc3 Bb4 4. Qc2 d5 5. Nf3 O-O 6. e3 c5 7. Be2 Nc6 8. O-O
cxd4 9. exd4 dxc4 10. Rd1 Bxc3 11. bxc3 b5 12. a4 Qa5 13. Ba3 Rd8 14. axb5 Qxb5
15. Rdb1 Qd5 16. Nd2 Ne5 17. dxe5 Qxd2 18. Rd1 Qxd1+ 19. Rxd1 Nd5 20. Bxc4 Bb7
21. Bd3 h6 22. Rb1 Bc6 23. c4 Nf4 24. Be4 Bxe4 25. Qxe4 Ng6 26. Bd6 a5 27. c5
Rac8 28. c6 f5 29. exf6 Rxd6 30. Qxg6 1-0

[Event "Chigorin Memorial"]
[Site "St Petersburg RUS"]
[Date "2013.10.05"]
[Round "1.113"]
[White "Gantsevich, Aleksey A."]
[Black "Vunder, Andrey"]
[Result "0-1"]
[WhiteElo "1614"]
[BlackElo "2245"]
[WhiteFideId "24195863"]
[BlackFideId "4128338"]
[EventDate "2013.10.05"]

1. e4 c6 2. d4 d5 3. Nc3 dxe4 4. Nxe4 Bf5 5. Ng3 Bg6 6. h4 h6 7. Nf3 Nd7 8. h5
Bh7 9. Bd3 Bxd3 10. Qxd3 Qc7 11. Bd2 e6 12. O-O-O Ngf6 13. Ne4 O-O-O 14. g3 Nxe4
15. Qxe4 Bd6 16. c4 c5 17. d5 Rhe8 18. Qc2 exd5 19. cxd5 Ne5 20. Nxe5 Bxe5 21.
Bc3 Kb8 22. Rhe1 Qd6 23. Kb1 b6 24. Qd2 Qf6 25. Bxe5+ Rxe5 26. Rxe5 Qxe5 27. d6
Rd7 28. Qe3 Qxe3 29. fxe3 Kb7 30. e4 f6 31. e5 fxe5 32. Re1 Kc6 33. Rxe5 Kxd6
34. Re3 Re7 35. Rd3+ Ke6 36. g4 Kf6 37. Rd5 Ke6 38. Rd3 Rd7 39. Rf3 Rd4 40. Rg3
Rd5 41. Kc2 b5 42. Ra3 Rg5 43. Rxa7 Rxg4 44. Ra5 Rg2+ 45. Kc3 b4+ 46. Kc4 Rxb2
47. Rxc5 Rxa2 48. Kxb4 Rg2 49. Kc3 Rg5 50. Rc7 Kf5 51. Kd4 Kg4 52. Ke3 Kxh5 0-1

[Event "Chigorin Memorial"]
[Site "St Petersburg RUS"]
[Date "2013.10.05"]
[Round "1.114"]
[White "Kukhmazov, Arsen"]
[Black "Soliva Ruiz, Ramon"]
[Result "1-0"]
[WhiteElo "2239"]
[BlackElo "1589"]
[WhiteFideId "24108260"]
[BlackFideId "32043376"]
[EventDate "2013.10.05"]

1. d4 g6 2. Nf3 Bg7 3. c4 Nf6 4. g3 d6 5. Bg2 O-O 6. Nc3 c6 7. O-O Nbd7 8. e4 e5
9. h3 Re8 10. Re1 a6 11. Be3 Rb8 12. a3 Qc7 13. c5 Nh5 14. cxd6 Qxd6 15. g4 Nf4
16. Bxf4 exf4 17. e5 Qf8 18. Qd2 Nb6 19. Qxf4 Be6 20. Ng5 Qe7 21. Nge4 f5 22.
exf6 Qf7 23. Ng5 Qxf6 24. Qxf6 Bxf6 25. Nxe6 Re7 26. g5 Bh8 27. Re2 Kf7 28. Rae1
Rxe6 29. Rxe6 Bxd4 30. Re7+ Kg8 31. Re8+ Rxe8 32. Rxe8+ Kf7 33. Rb8 1-0

[Event "Chigorin Memorial"]
[Site "St Petersburg RUS"]
[Date "2013.10.05"]
[Round "1.115"]
[White "Rubtsov, Daniil"]
[Black "Golubov, Saveliy"]
[Result "0-1"]
[WhiteElo "1522"]
[BlackElo "2233"]
[WhiteFideId "34174513"]
[BlackFideId "24176729"]
[EventDate "2013.10.05"]

1. e4 c5 2. Nf3 e6 3. d4 cxd4 4. Nxd4 a6 5. Nc3 b5 6. a3 Bb7 7. Bd3 d6 8. O-O
Nf6 9. Qf3 Nbd7 10. Qg3 Qc7 11. Re1 e5 12. Nf5 g6 13. Ne3 Bg7 14. Ng4 Nxg4 15.
Qxg4 O-O 16. Nd5 Bxd5 17. exd5 f5 18. Qg3 Nb6 19. b3 e4 20. Be2 Bxa1 0-1

[Event "Chigorin Memorial"]
[Site "St Petersburg RUS"]
[Date "2013.10.05"]
[Round "1.120"]
[White "Kartsev, Evgeni"]
[Black "Givon, Asaf"]
[Result "0-1"]
[BlackTitle "IM"]
[WhiteElo "2067"]
[BlackElo "2445"]
[WhiteFideId "24162469"]
[BlackFideId "2801841"]
[EventDate "2013.10.05"]

1. Nf3 Nf6 2. g3 g6 3. Bg2 Bg7 4. O-O d5 5. d3 O-O 6. Nbd2 Nc6 7. c3 a5 8. d4
Re8 9. a4 e5 10. dxe5 Nxe5 11. Nd4 c6 12. Re1 Qb6 13. Qb3 Qa6 14. h3 Nd3 15. Rd1
Nxc1 16. Raxc1 Nd7 17. Bf1 Qa7 18. e3 h5 19. c4 Nc5 20. Qc2 Ne4 21. Nxe4 dxe4
22. Bg2 Qc5 23. Rd2 h4 24. g4 f5 25. gxf5 gxf5 26. Qd1 f4 27. exf4 e3 28. fxe3
Rxe3 29. Kh2 0-1

[Event "Chigorin Memorial"]
[Site "St Petersburg RUS"]
[Date "2013.10.05"]
[Round "1.121"]
[White "Osipov, Vladimir N."]
[Black "Ben Artzi, Ido"]
[Result "0-1"]
[WhiteElo "1919"]
[BlackElo "2370"]
[WhiteFideId "34139823"]
[BlackFideId "2810913"]
[EventDate "2013.10.05"]

1. e4 d6 2. d4 Nf6 3. Nc3 g6 4. Nf3 Bg7 5. Bf4 O-O 6. Bc4 Nxe4 7. Nxe4 d5 8.
Bxd5 Qxd5 9. Nc3 Qh5 10. Bxc7 Bg4 11. d5 Rc8 12. Bxb8 Raxb8 13. Qd3 Bf5 14. Qd2
b5 15. a3 Bh3 16. Qg5 Qxg5 17. Nxg5 Bxg2 18. Rg1 Rxc3 19. bxc3 Bxc3+ 20. Ke2
Bxa1 21. Rxg2 Rc8 22. Kd2 Rd8 23. Kc1 Rxd5 24. Ne4 Re5 25. f3 f5 26. Nf2 Re3 27.
Kb1 Rxa3 28. Nd3 Bd4 29. Kc1 Kf7 30. Re2 Bc3 31. Kd1 Ra1+ 0-1

[Event "Chigorin Memorial"]
[Site "St Petersburg RUS"]
[Date "2013.10.05"]
[Round "1.122"]
[White "Makarov, Marat"]
[Black "Gogin, Maksim"]
[Result "1-0"]
[WhiteTitle "GM"]
[WhiteElo "2512"]
[BlackElo "2075"]
[WhiteFideId "4101103"]
[BlackFideId "24195871"]
[EventDate "2013.10.05"]

1. Nf3 Nf6 2. c4 g6 3. d4 Bg7 4. g3 O-O 5. Bg2 d6 6. O-O Nc6 7. Nc3 e5 8. d5 Ne7
9. e4 Ne8 10. Ne1 f5 11. Nd3 Nf6 12. Bg5 Nxe4 13. Nxe4 fxe4 14. Bxe4 Bh3 15. Re1
Qd7 16. f4 Bg4 17. Qd2 Nf5 18. fxe5 dxe5 19. Nc5 Qd6 20. Ne6 Rf7 21. Rf1 Bf6 22.
Bxf6 Rxf6 23. Qg5 Rxe6 24. Qxg4 h5 25. Qg5 Ng7 26. dxe6 Qd4+ 27. Rf2 Qxe4 28. e7
Re8 29. Raf1 Kh7 30. Rf7 Qd4+ 31. R1f2 e4 32. Qf6 Qxf6 33. R2xf6 Kh6 34. Kf2 Nf5
35. Re6 e3+ 36. Ke1 Nd4 37. Rf8 1-0

[Event "Chigorin Memorial"]
[Site "St Petersburg RUS"]
[Date "2013.10.05"]
[Round "1.123"]
[White "Svetlov, Dmitry"]
[Black "Radkov, Bazhen D."]
[Result "1-0"]
[WhiteTitle "FM"]
[WhiteElo "2371"]
[BlackElo "2027"]
[WhiteFideId "24102610"]
[BlackFideId "24170593"]
[EventDate "2013.10.05"]

1. d4 Nf6 2. Nf3 g6 3. c4 Bg7 4. g3 O-O 5. Bg2 d6 6. O-O Nc6 7. Nc3 a6 8. b3 Rb8
9. Bb2 Bd7 10. d5 Na5 11. Nd2 c5 12. Qc2 b5 13. Rab1 Bf5 14. e4 Bd7 15. Nd1 bxc4
16. bxc4 Rb4 17. Bc3 Rxb1 18. Qxb1 Ng4 19. Bxg7 Kxg7 20. Qa1+ Kg8 21. Nb2 Qc7
22. h3 Nf6 23. Nd3 Rb8 24. f4 Nh5 25. Kh2 Ng7 26. Qc3 Nb7 27. Rf2 Qa5 28. Qb2
Qc7 29. g4 a5 30. Rf1 Nd8 31. Qc3 a4 32. e5 h5 33. Ne4 dxe5 34. fxe5 hxg4 35.
hxg4 Bxg4 36. d6 Qc8 37. dxe7 Nc6 38. Nf6+ Kh8 39. Qd2 1-0

[Event "Chigorin Memorial"]
[Site "St Petersburg RUS"]
[Date "2013.10.05"]
[Round "1.124"]
[White "Shpartko, Grigory"]
[Black "David, Alberto"]
[Result "0-1"]
[BlackTitle "GM"]
[WhiteElo "2135"]
[BlackElo "2574"]
[WhiteFideId "24122254"]
[BlackFideId "4000013"]
[EventDate "2013.10.05"]

1. d4 Nf6 2. c4 b6 3. Nf3 Bb7 4. g3 e6 5. Bg2 Bb4+ 6. Nbd2 O-O 7. a3 Bxd2+ 8.
Bxd2 d6 9. O-O Nbd7 10. b4 Qe7 11. Qb3 Ne4 12. Bc3 f5 13. Nd2 Nxd2 14. Bxd2 Bxg2
15. Kxg2 Kh8 16. f3 e5 17. d5 f4 18. e3 fxe3 19. Qxe3 Qf7 20. Bc3 b5 21. cxb5
Qxd5 22. a4 Nf6 23. Rfd1 Qb7 24. Rac1 Rf7 25. Bb2 Raf8 26. Rc6 Nd7 27. Rf1 Nb6
28. Qb3 a6 29. h4 axb5 30. axb5 Nc8 31. h5 h6 32. Qd5 Ne7 33. Qe4 Nxc6 34. bxc6
Qb5 35. Bc1 Rf6 36. g4 d5 37. Qxe5 Qxc6 38. Bb2 Re8 39. Qd4 Re2+ 40. Rf2 Qc2 41.
Rxe2 Qxe2+ 42. Qf2 Re6 43. Kg3 Qe1 44. Qxe1 Rxe1 45. Kf4 Rb1 46. Bc3 Rb3 47. Bd2
c6 48. Be1 d4 49. Bd2 Rb2 50. Be1 Rc2 0-1

[Event "Chigorin Memorial"]
[Site "St Petersburg RUS"]
[Date "2013.10.05"]
[Round "1.125"]
[White "Shemenko, Georgy"]
[Black "Aharon, Ofir"]
[Result "0-1"]
[BlackTitle "FM"]
[WhiteElo "1802"]
[BlackElo "2310"]
[WhiteFideId "34112879"]
[BlackFideId "2800683"]
[EventDate "2013.10.05"]

1. e4 c5 2. Nf3 g6 3. c3 Nf6 4. e5 Nd5 5. d4 cxd4 6. cxd4 Bg7 7. Be2 O-O 8. O-O
d6 9. Nc3 Nxc3 10. bxc3 Nc6 11. Bf4 dxe5 12. Nxe5 Nxe5 13. Bxe5 Bxe5 14. dxe5
Qa5 15. Qd4 Be6 16. f4 Rac8 17. Qb4 Qc5+ 18. Kh1 b6 19. a4 Qe3 20. Ba6 Rc5 21.
Rf3 Qd2 22. Raf1 Rd8 23. R1f2 Qc1+ 24. Rf1 Qc2 25. a5 Rd2 26. Rg1 Rxa5 27. Bb5
Bd5 28. Be2 Rc5 29. Rg3 Rxe2 30. f5 Qxf5 31. Qa4 Qxe5 32. Qa1 Ra5 33. Qf1 Raa2 0-1

[Event "Chigorin Memorial"]
[Site "St Petersburg RUS"]
[Date "2013.10.05"]
[Round "1.126"]
[White "Kuzmin, Egor"]
[Black "Zhivotovskaya, Asya"]
[Result "1-0"]
[WhiteElo "2190"]
[BlackElo "1755"]
[WhiteFideId "24101737"]
[BlackFideId "24166014"]
[EventDate "2013.10.05"]

1. d4 d5 2. c4 e6 3. Nc3 Nf6 4. Bg5 Be7 5. cxd5 exd5 6. e3 h6 7. Bh4 O-O 8. Qc2
c6 9. Bd3 Be6 10. Nge2 Nbd7 11. Nf4 Rc8 12. O-O Qc7 13. Rac1 Bd6 14. Bg3 a6 15.
b4 g5 16. Nxe6 fxe6 17. Qb3 Kg7 18. Bb1 Rf7 19. Qc2 Nf8 20. e4 Bxg3 21. hxg3 Qb6
22. e5 N6d7 23. Ne2 Qxb4 24. f4 Rf5 25. g4 Rxf4 26. Rxf4 gxf4 27. Rf1 c5 28. a3
Qxa3 29. Nxf4 Rc6 30. Nh5+ Kg8 31. Qf2 1-0

[Event "Chigorin Memorial"]
[Site "St Petersburg RUS"]
[Date "2013.10.05"]
[Round "1.127"]
[White "Fokin, Anatoly"]
[Black "Suleymanyants, Odisey"]
[Result "0-1"]
[BlackTitle "FM"]
[WhiteElo "1765"]
[BlackElo "2262"]
[WhiteFideId "24124451"]
[BlackFideId "24149357"]
[EventDate "2013.10.05"]

1. d4 Nf6 2. c4 e6 3. Nc3 d5 4. Bg5 Be7 5. e3 O-O 6. Bd3 dxc4 7. Bxc4 a6 8. Nf3
c5 9. a3 b5 10. Bd3 cxd4 11. exd4 Bb7 12. O-O h6 13. Bh4 Nc6 14. Rc1 b4 15. axb4
Nxb4 16. Be2 Ne4 17. Bxe7 Qxe7 18. Nxe4 Bxe4 19. Qa4 Rfd8 20. Rfd1 Rd5 21. Nd2
f5 22. Nc4 Rdd8 23. Ne5 Rac8 24. Rc4 Bc2 25. Qxb4 Qxb4 26. Rxb4 Bxd1 27. Bc4 Rd6
28. f3 a5 29. Rb7 a4 30. Kf2 Bb3 31. Bxb3 axb3 32. Ke3 Rc2 33. Rxb3 f4+ 34. Kxf4
Rxd4+ 35. Ke3 Rdd2 36. Nd3 Rxg2 37. Rb8+ Kh7 38. b4 Rxh2 39. b5 Rh1 40. b6 Rb1
41. b7 Rc7 42. Re8 Rbxb7 43. Ke4 Re7 44. Rd8 Rbd7 45. Rf8 Rf7 46. Re8 Rxd3 47.
Kxd3 Rxf3+ 48. Ke4 Rf6 0-1

[Event "Chigorin Memorial"]
[Site "St Petersburg RUS"]
[Date "2013.10.05"]
[Round "1.128"]
[White "Palchun, Grigory"]
[Black "Scheglov, Dmitry"]
[Result "1-0"]
[WhiteElo "2263"]
[BlackElo "1770"]
[WhiteFideId "24147338"]
[BlackFideId "34145750"]
[EventDate "2013.10.05"]

1. e4 e6 2. d4 d5 3. e5 c5 4. c3 Nc6 5. Nf3 Qb6 6. a3 c4 7. Nbd2 Na5 8. g3 Bd7
9. Bh3 O-O-O 10. O-O h6 11. Nh4 Be7 12. Ng2 Kb8 13. Ne3 g5 14. f4 f5 15. exf6
Nxf6 16. Bg2 gxf4 17. gxf4 Rhg8 18. Kh1 Be8 19. Qe1 Bg6 20. f5 exf5 21. Nexc4
Nxc4 22. Nxc4 Qc7 23. Bf4 Bd6 24. Nxd6 Rxd6 25. Bxd6 Qxd6 26. Qe5 Qxe5 27. dxe5
Ne4 28. Rad1 Rd8 29. Bxe4 fxe4 30. Rf6 Bh5 31. Re1 Rg8 32. h4 Bf3+ 33. Kh2 Rg2+
34. Kh3 Kc8 35. Rxh6 Rxb2 36. Rg1 Rb6 37. Rg8+ Kc7 38. Rg7+ 1-0

[Event "Chigorin Memorial"]
[Site "St Petersburg RUS"]
[Date "2013.10.05"]
[Round "1.129"]
[White "Melnikov, Dmitry"]
[Black "Kunin, Pavel"]
[Result "1-0"]
[WhiteTitle "FM"]
[WhiteElo "2311"]
[BlackElo "1880"]
[WhiteFideId "4146468"]
[BlackFideId "34107093"]
[EventDate "2013.10.05"]

1. e4 e5 2. Nf3 d6 3. d4 exd4 4. Nxd4 Nf6 5. Nc3 Be7 6. Bc4 O-O 7. O-O Nbd7 8.
Re1 Ne5 9. Bb3 c5 10. Nf3 Bg4 11. Bf4 Bxf3 12. gxf3 Qc8 13. Nd5 Nxd5 14. Bxd5
Qh3 15. Bg3 h5 16. f4 Ng6 17. Re3 Nh4 18. Qf1 Qxf1+ 19. Kxf1 Ng6 20. f5 Ne5 21.
Bxe5 dxe5 22. Bxb7 Rab8 23. Rb3 Kh7 24. Bd5 Rb6 25. Rd1 Kg8 26. Ke2 Rfb8 27. Bc4
Rxb3 28. axb3 Rd8 29. Bd5 Kf8 30. Kd3 g5 31. fxg6 fxg6 32. Ra1 Rd7 33. Ra6 Kg7
34. Re6 Bg5 35. h3 Bf4 36. Rc6 g5 37. f3 Bc1 38. Kc3 Rd8 39. Rc7+ Kg6 40. Bf7+
Kh6 41. Rxc5 Bd2+ 42. Kc4 Rd4+ 43. Kb5 Rb4+ 44. Kc6 Rb6+ 45. Kd5 Rf6 46. Rc6
Rxc6 47. Kxc6 g4 48. fxg4 h4 49. Kd5 Kg5 50. Kxe5 Bc1 51. c4 Bxb2+ 52. Kd5 Kf4
53. c5 Be5 54. g5 1-0

[Event "Chigorin Memorial"]
[Site "St Petersburg RUS"]
[Date "2013.10.05"]
[Round "1.130"]
[White "Demura, Anna"]
[Black "Vorobjev, Dmitry"]
[Result "0-1"]
[WhiteElo "1652"]
[BlackElo "2190"]
[WhiteFideId "24167142"]
[BlackFideId "24112178"]
[EventDate "2013.10.05"]

1. e4 c5 2. Nf3 d6 3. d4 Nf6 4. Nc3 cxd4 5. Nxd4 g6 6. Bb5+ Nbd7 7. O-O Bg7 8.
Re1 O-O 9. Be3 Ne5 10. h3 Bd7 11. Bxd7 Qxd7 12. Qe2 Rac8 13. Rad1 Rxc3 14. bxc3
Nxe4 15. Qb5 Nxc3 16. Qxd7 Nxd7 17. Rd3 Rc8 18. Nf3 d5 19. Bxa7 e5 20. Rd2 b6
21. Bxb6 Nxb6 22. Nxe5 Bxe5 23. Rxe5 Nc4 0-1

[Event "Chigorin Memorial"]
[Site "St Petersburg RUS"]
[Date "2013.10.06"]
[Round "2.40"]
[White "Solovyov, Viktor"]
[Black "Makarov, Marat"]
[Result "1/2-1/2"]
[BlackTitle "GM"]
[WhiteElo "2298"]
[BlackElo "2512"]
[WhiteFideId "4102754"]
[BlackFideId "4101103"]
[EventDate "2013.10.05"]

1. Nf3 e6 2. c4 a6 3. g3 b5 4. b3 c5 5. Nc3 Qb6 6. Bg2 Bb7 7. O-O Nf6 8. Re1 d6
9. Rb1 b4 10. Na4 Qc7 11. d4 cxd4 12. Nxd4 Bxg2 13. Kxg2 Nbd7 14. e4 Be7 15. Qe2
O-O 16. Nf3 e5 17. Bg5 Rfe8 18. Rbd1 g6 19. Bxf6 Nxf6 20. Nd2 Qc6 21. Nf1 Bd8
22. f3 a5 23. Qd3 Re6 24. Ne3 Bb6 25. Nxb6 Qxb6 26. Nd5 Nxd5 27. Qxd5 Ra6 28.
Re2 a4 29. Qb5 Qxb5 30. cxb5 Ra5 31. bxa4 Rxa4 32. Rb2 Re7 33. Rxd6 Rb7 34. b6
Kf8 35. Rd5 Rxb6 36. Rxe5 Rba6 37. Rb5 Rxa2 38. Rxb4 h5 39. Rb3 Rxb2+ 40. Rxb2
Ra3 41. h4 Ke7 42. Kf2 Ke6 43. Ke2 Kf6 44. Rd2 Rb3 45. Rd3 Rb2+ 46. Ke3 Ra2 47.
Kf4 Ra5 48. Rd6+ Kg7 49. Rd5 Ra4 50. Rb5 Rc4 51. g4 hxg4 52. Kxg4 Ra4 53. h5
gxh5+ 54. Rxh5 Ra3 55. Rb5 Ra1 56. f4 Kg6 57. Rb6+ Kg7 58. Kf5 Ra5+ 59. e5 Ra4
60. Rb7 Ra6 61. Rd7 Ra5 62. Kg4 Kf8 63. Rb7 Kg8 64. Kg5 Kg7 65. Rb8 Rc5 66. Re8
f6+ 67. Kf5 fxe5 68. fxe5 Kf7 69. Rh8 Rc6 70. Rh7+ Ke8 71. Ra7 Rb6 72. Ke4 Rh6
73. Kd5 Rg6 74. Ra8+ Ke7 75. Rh8 Ra6 76. Rh7+ Ke8 1/2-1/2

[Event "Chigorin Memorial"]
[Site "St Petersburg RUS"]
[Date "2013.10.06"]
[Round "2.71"]
[White "Balaian, Alina"]
[Black "Shagdurov, Denis"]
[Result "1-0"]
[WhiteTitle "WIM"]
[WhiteElo "2218"]
[BlackElo "1967"]
[WhiteFideId "24115347"]
[BlackFideId "24136735"]
[EventDate "2013.10.05"]

1. e4 c6 2. d4 d5 3. f3 e6 4. Nc3 Bb4 5. Bf4 Ne7 6. Qd3 O-O 7. Ne2 b6 8. O-O-O
Ba6 9. Qe3 Nd7 10. h4 c5 11. exd5 Nf5 12. Qf2 Bxc3 13. Nxc3 Bxf1 14. Rhxf1 cxd4
15. dxe6 fxe6 16. Nb5 e5 17. Bg5 Qb8 18. g4 Nd6 19. Nxd4 Ne4 20. Qe3 Ng3 21. Nc6
Qc7 22. Ne7+ Kh8 23. Rg1 Rf7 24. Rxg3 h6 25. Rh3 1-0

[Event "Chigorin Memorial"]
[Site "St Petersburg RUS"]
[Date "2013.10.06"]
[Round "2.122"]
[White "Bezobrazov, Lev"]
[Black "Dushin, Nikolay"]
[Result "0-1"]
[WhiteElo "1648"]
[BlackElo "2006"]
[WhiteFideId "4152409"]
[BlackFideId "4114612"]
[EventDate "2013.10.05"]

1. e4 c5 2. Nf3 a6 3. d4 cxd4 4. Nxd4 Nf6 5. Nc3 e5 6. Nf5 d5 7. Ng3 Bb4 8. exd5
Qxd5 9. Bd2 Qe6 10. Nge4 Nbd7 11. a3 Be7 12. Be2 h6 13. g4 Nc5 14. Nxf6+ Bxf6
15. b4 Qc6 16. Rg1 Ne6 17. Bf3 Qd7 18. Nd5 Bd8 19. Qe2 Nd4 20. Qxe5+ Qe6 21.
Qxe6+ fxe6 22. Bd1 exd5 23. c3 Nc6 24. f4 Be6 25. h3 Bb6 26. Rg2 O-O-O 27. f5
Bf7 28. h4 d4 29. Bf3 Rhe8+ 30. Kf1 Bc4+ 31. Be2 Rxe2 32. Rxe2 Re8 33. Re1 Rxe2
34. Rxe2 dxc3 35. Bxc3 Nd4 36. Bxd4 Bxd4 37. Ke1 Bxe2 38. Kxe2 Bf6 39. h5 b5 40.
Kd3 Kd7 41. Kc2 Kd6 0-1

[Event "Chigorin Memorial"]
[Site "St Petersburg RUS"]
[Date "2013.10.07"]
[Round "3.1"]
[White "Lintchevski, Daniil"]
[Black "Eljanov, Pavel"]
[Result "0-1"]
[WhiteTitle "GM"]
[BlackTitle "GM"]
[WhiteElo "2532"]
[BlackElo "2729"]
[WhiteFideId "4171055"]
[BlackFideId "14102951"]
[EventDate "2013.10.05"]

1. Nf3 Nf6 2. c4 b6 3. g3 Bb7 4. Bg2 g6 5. d4 Bg7 6. O-O e6 7. Nc3 Ne4 8. Nxe4
Bxe4 9. Bg5 f6 10. Be3 O-O 11. Qd2 Nc6 12. d5 Ne7 13. Ne1 Bxg2 14. Nxg2 Nf5 15.
Rad1 e5 16. c5 Nxe3 17. Nxe3 bxc5 18. d6 c6 19. Nc4 f5 20. e4 f4 21. f3 h5 22.
Qg2 Qe8 23. Qh3 Qf7 24. Rc1 Rae8 25. Rc2 fxg3 26. hxg3 Re6 27. b3 a5 28. g4 Bh6
29. Rg2 Kh7 30. g5 Bg7 31. Rd2 Qf4 32. Qg2 Ra8 33. Rd3 Bf8 34. a4 Kg8 35. Kf2
Ree8 36. Ke2 Reb8 37. Qg1 Bg7 38. Qxc5 Qxg5 39. Rg1 Qf4 40. Rxg6 Kh7 41. Rg2 Rg8
42. Rf2 h4 43. Rd1 Rab8 44. Qa7 Qf7 45. Rh2 Bh6 46. Rb1 Rxb3 47. Nxe5 Re3+ 48.
Kf1 Rxf3+ 49. Rf2 Qa2 50. Nxf3 Qxb1+ 51. Ne1 Rg7 52. Qxa5 Qxe4 53. Qf5+ Qxf5 54.
Rxf5 Kg6 55. Rf2 Be3 56. Rh2 Bc5 57. Nd3 Bxd6 58. Rxh4 Kf5 59. a5 Rg8 60. Rh6
Be7 61. Rh5+ Ke6 62. Ke2 Kd6 63. Ne5 Bf6 64. Nc4+ Kc7 65. Rf5 Rg2+ 66. Kf3 Rg1
67. Ke2 Bc3 68. Rf7 Rg2+ 69. Ke3 Rg3+ 70. Ke2 Rg7 71. Rf3 Bd4 72. Kd3 Ba7 73.
Ne5 d6 74. Nc4 d5 75. Ne5 Kd6 76. Nf7+ Kc5 77. Rf6 Kb5 78. Ne5 Rg3+ 79. Kc2 Bd4 0-1